| 000 | 00452cam a2200181ua 4500 | ||
|---|---|---|---|
| 020 | _c450.00 | ||
| 041 |
_aeng _h |
||
| 082 |
_a635.01 _bACG/HO |
||
| 100 | _aAcguaah, George . | ||
| 245 |
_aHorticulture : Principles and practices / _cGeorge Acguaah. _hTextual Documents |
||
| 250 |
_a2 / _b. |
||
| 260 |
_a : _bLangstar university , _c2002. |
||
| 300 | _a787 ; . | ||
| 365 | _a450.00 | ||
| 504 | _a | ||
| 942 | _cBK | ||
| 999 |
_c1721 _d1721 |
||